| 000 | 00966nam a2200277 i 4500 | ||
|---|---|---|---|
| 003 | DO-SdBNP | ||
| 005 | 20240311141833.0 | ||
| 007 | ta | ||
| 008 | 240311b19-? sp ||||| |||| 00| 0 spa d | ||
| 040 |
_aDO-SdBNP _bspa _cBNPHU _erda |
||
| 082 | 4 | _222 | |
| 245 | 0 | 0 |
_aObras completas de Luciano / _ctraducción, argumentos y notas, D. Cristóbal Vidal, F. Delgado, D. Federico Barraibar y Zumárraca |
| 264 |
_aMadrid : _bLibrería de la viuda de Hernando y C., _c1910. |
||
| 300 |
_avolumen ; _c18 cm. |
||
| 336 |
_2rdacontent _atexto _btxt |
||
| 337 |
_2rdamedia _asinmediación _bn |
||
| 338 |
_2rdacarrier _avolumen _bnc |
||
| 490 |
_aBiblioteca Clásica _v55, 528, 532, 538 |
||
| 590 | _aInventariado, 2024/BT | ||
| 700 | 1 |
_aVidal D. Cristóbal, _etraducción _985003 |
|
| 700 | 1 |
_aDelgado, F. _etraducción _985004 |
|
| 700 | 1 |
_aBaraibar, D. Fedrico, _etraducción _985005 |
|
| 700 | 1 |
_aZumárraca, _etraducción _985006 |
|
| 910 | _aBtavárez | ||
| 942 |
_2ddc _cLBS1 |
||
| 999 |
_c56066 _d56066 |
||